| 000 | 00790cab a2200217 4500 | ||
|---|---|---|---|
| 001 | WB3301-23 | ||
| 008 | 090401t1996 xxu||||| |||| 00| 0 eng d | ||
| 035 | _a(Sirsi) u12870 | ||
| 041 | _aeng | ||
| 245 | _aProperty fiasco | ||
| 260 | _c1996 | ||
| 350 | _a0 | ||
| 490 |
_aSunday Times _v22 December 1996, 1.5(1) |
||
| 520 | _aThousands of homes bought by government to make way for new road schemes are to be sold at a fraction of their original value. The DTp stands to lose up to £150m on their sale after buying them at near market price. | ||
| 650 | _aBLIGHT | ||
| 650 |
_aCompulsory purchase _96228 |
||
| 650 | _aROAD SCHEMES | ||
| 690 | _aENVIRONMENTAL AND LAND CONSULTANCY-PLANNING AND DEVELOPMENT-COMPULSORY PURCHASE AND COMPENSATION | ||
| 942 | _n0 | ||
| 948 | _c04/03/1997 | ||
| 999 |
_c8258 _d8258 |
||